000 00911nmm a2200265 a 4500
001 ocm000701656
003 TR-IsHL
005 20201028155249.0
008 110704s2010 tu tur
007 cr cn
020 _a9786953773771
035 _a701656
_b(N$T)
050 0 4 _aHC492
_b.H38 2010
090 0 4 _aHC492
_b.H38 2010
100 1 _aHatiboğlu, Zeyyat
245 1 0 _aİktisat bilimi ve Türkiye iktisadı (10 cilt): mikroiktisat II, cilt 6
_h[electronic resource] /
_cZeyyat Hatiboğlu
260 _aİstanbul :
_bBeta Yayınları,
_c2010
300 _a148 p.
650 4 _aEkonomi ve Finans
650 4 _aEconomics and Finance
650 0 _aEkonomi
_x Türkiye
_x20. yüzyıl
650 0 _aEconomics
_xTurkey
_x 20th century
650 7 _aBUSINESS & ECONOMICS / General
_2bisacsh
856 4 0 _uhttp://search.ebscohost.com/login.aspx?direct=true&scope=site&db=e011xww&AN=701656
999 _c12996
_d12996